कीप ऑफ द ग्रास / (Record no. 56810)

MARC details
000 -LEADER
fixed length control field 01088nam a22002417a 4500
005 - DATE AND TIME OF LATEST TRANSACTION
control field 20110913152830.0
008 - FIXED-LENGTH DATA ELEMENTS--GENERAL INFORMATION
fixed length control field 110913t xxu||||| |||| 00| 0 mar d
010 ## - LCCN (DPL NO)
LC control number MAR-21343
020 ## - INTERNATIONAL STANDARD BOOK NUMBER
Terms of availability 160.00
International Standard Book Number 9788184982602
035 ## - SYSTEM CONTROL NUMBER
System control number MR-14001
037 ## - SOURCE OF ACQUISITION
Source of stock number/acquisition DBAD/PUB
040 ## - CATALOGING SOURCE
Original cataloging agency DPL
Language of cataloging MR
082 ## - DEWEY DECIMAL CLASSIFICATION NUMBER
Classification number 823
100 ## - MAIN ENTRY--PERSONAL NAME
9 (RLIN) 34729
Personal name बजाज,करण
245 ## - TITLE STATEMENT
Title कीप ऑफ द ग्रास /
Statement of responsibility, etc करण बजाज ; माधुरी शानभाग द्वारा अनुवादित
246 ## - VARYING FORM OF TITLE
Title proper/short title Keep Off The Grass
Remainder of title by Karan Bajaj
260 ## - PUBLICATION, DISTRIBUTION, ETC. (IMPRINT)
Place of publication, distribution, etc पुणे
Name of publisher, distributor, etc मेहता पब्लिशिंग हाऊस
Date of publication, distribution, etc 2011
270 ## - ADDRESS
City पुणे
Address 1941,सदाशिव पेठ,माडीवाले कॉलनी
Postal code 411030
300 ## - PHYSICAL DESCRIPTION
Extent 173पृ.
Dimensions 21सेमी(अजिल्द)
700 ## - ADDED ENTRY--PERSONAL NAME
Personal name शानभाग,माधुरी
9 (RLIN) 34790
942 ## - ADDED ENTRY ELEMENTS (KOHA)
Source of classification or shelving scheme Dewey Decimal Classification
Item type Marathi Books
Call number suffix बजाज
Classification part 823
Holdings
Withdrawn status Lost status Source of classification or shelving scheme Damaged status Not for loan Collection code Home library Current library Date acquired Source of acquisition Cost, normal purchase price Total Checkouts Full call number Barcode Date last seen Copy number Cost, replacement price Koha item type
    Dewey Decimal Classification   Not For Loan Fiction D.B.Act.Division D.B.Act.Division 21/09/2011 DBAD / PUB 160.00   823 बजाज MR-14001 21/09/2011 1 160.00 Marathi Books

© Delhi Public Library
Hit Counter
free hit counter